00452nam a2200181Ia 4500003000400000005001700004008004100021020002200062040000700084041000800091082001500099100001900114245004500133260003500178300001700213365001400230650002600244OSt20230603110048.0210423s2016 xx 000 0 und d a978-93-80929-90-3 cAL aeng a158.7 GUPI aGUPTA (Manish) aIndustrial psychology and social changes aJaipurbDND Publicationsc2016 aviii,423bHB b1175cINR aIndustrial Psychology